[Event "Spring TNM"]
[Site "San Francisco"]
[Date "2006.04.04"]
[Round "2"]
[White "Bertot, German"]
[Black "Ostrovsky, Sergey"]
[Result "0-1"]
[WhiteElo "1439"]
[BlackElo "1870"]
[PlyCount "82"]
[EventDate "2006.03.28"]
[EventType "swiss"]
[EventRounds "8"]
[EventCountry "USA"]

1. d4 Nf6 2. c4 c5 3. d5 b5 4. cxb5 a6 5. bxa6 Bxa6 6. Nc3 g6 7. Nf3 Bg7 8. g3
d6 9. Bg2 Nbd7 10. O-O Nb6 11. Re1 Nc4 12. Rb1 Qa5 13. Qa4+ Qxa4 14. Nxa4 Nxd5
15. Nd2 e6 16. Nxc4 Bxc4 17. b3 Bb5 18. Bb2 O-O 19. Bxg7 Kxg7 20. Bxd5 exd5 21.
Nc3 Bc6 22. Red1 d4 23. Na4 Bxa4 24. bxa4 Rxa4 25. Rb2 Re8 26. Kf1 Kf6 27. Rdd2
Re4 28. f3 Re3 29. Rb3 Rxa2 30. Rxe3 Rxd2 31. Rd3 Rxd3 32. exd3 d5 33. Ke2 c4
34. Kd2 c3+ 35. Ke2 h5 36. Ke1 h4 37. g4 Kg5 38. Kd1 Kf4 39. Ke2 c2 40. Kd2
Kxf3 41. Kxc2 Kxg4 0-1

[Event "Spring TNM"]
[Site "San Francisco"]
[Date "2006.04.04"]
[Round "2"]
[White "Dembling, Arthur"]
[Black "Naroditsky, Daniel"]
[Result "0-1"]
[WhiteElo "1674"]
[BlackElo "1944"]
[PlyCount "134"]
[EventDate "2006.03.28"]
[EventType "swiss"]
[EventRounds "8"]
[EventCountry "USA"]

1. e4 c5 2. Nf3 d6 3. Bb5+ Bd7 4. Bxd7+ Nxd7 5. d4 cxd4 6. Qxd4 Ngf6 7. O-O g6
8. Nc3 Bg7 9. Bg5 O-O 10. Qd2 b5 11. Rfe1 a6 12. Bh6 Nc5 13. Bxg7 Kxg7 14. e5
dxe5 15. Rxe5 Qxd2 16. Nxd2 Rad8 17. Nf3 Ne6 18. Rd1 b4 19. Nd5 Nf4 20. c4
N4xd5 21. cxd5 e6 22. d6 Nd5 23. Re2 Rxd6 24. Rc2 Rfd8 25. g3 Kf6 26. Rdc1 Nb6
27. Rc6 Na4 28. Rxd6 Rxd6 29. Rc2 Rd1+ 30. Kg2 Ra1 31. b3 Nc3 32. a4 Ra2 33.
Nd4 e5 34. Rxa2 Nxa2 35. Nc6 Ke6 36. Nb8 Kd6 37. Nxa6 Kc6 38. Kf3 Kb6 39. Nb8
Nc1 40. Nd7+ Ka5 41. Nc5 Kb6 42. Nd7+ Kc7 43. Nxe5 f6 44. Ng4 Nxb3 45. Ne3 Kb6
46. Nc4+ Kc5 47. Nb2 Kd4 48. Ke2 Kc3 49. Nd1+ Kc2 50. Ne3+ Kb2 51. Nc4+ Kc3 52.
Nb6 Kc2 53. Nc4 Nc1+ 54. Ke3 Kc3 55. Nd2 Nd3 56. Ne4+ Kc2 57. a5 Ne5 58. a6 Nc6
59. Nxf6 b3 60. Ne4 b2 61. Nd2 Na7 62. f4 Nb5 63. g4 Nc7 64. f5 Nd5+ 65. Ke2
Nc3+ 66. Ke1 Ne4 67. Nc4 b1=Q+ 0-1

[Event "Spring TNM"]
[Site "San Francisco"]
[Date "2006.04.04"]
[Round "2"]
[White "Drane, Robert"]
[Black "Hilliard, Michael"]
[Result "1-0"]
[WhiteElo "1831"]
[BlackElo "1413"]
[PlyCount "51"]
[EventDate "2006.03.28"]
[EventType "swiss"]
[EventRounds "8"]
[EventCountry "USA"]

1. e4 c6 2. d4 d5 3. Nc3 dxe4 4. Nxe4 Bf5 5. Ng3 Bg6 6. h4 h6 7. Nf3 Nd7 8. h5
Bh7 9. Bd3 Bxd3 10. Qxd3 e6 11. Bf4 Ngf6 12. c4 c5 13. O-O Qb6 14. d5 Be7 15.
dxe6 fxe6 16. Qg6+ Kf8 17. Rfe1 e5 18. Rxe5 Bd6 19. Re6 Bxf4 20. Rxb6 Nxb6 21.
Nf5 Ne8 22. Re1 Rg8 23. g3 Bc7 24. Nxh6 gxh6 25. Rxe8+ Rxe8 26. Qf6# 1-0

[Event "Spring TNM"]
[Site "San Francisco"]
[Date "2006.04.04"]
[Round "2"]
[White "Dunham, Tom"]
[Black "Jones, Ian"]
[Result "0-1"]
[WhiteElo "1363"]
[BlackElo "1808"]
[PlyCount "72"]
[EventDate "2006.03.28"]
[EventType "swiss"]
[EventRounds "8"]
[EventCountry "USA"]

1. e4 e5 2. Nf3 Nc6 3. d4 exd4 4. Nxd4 Bc5 5. Nxc6 bxc6 6. Bd3 d5 7. O-O Ne7 8.
Re1 O-O 9. Nc3 f5 10. exd5 cxd5 11. Qf3 Rb8 12. Bg5 c6 13. Re2 Qc7 14. b3 Ng6
15. Na4 Bd6 16. h4 h6 17. h5 Ne5 18. Qe3 hxg5 19. Qxg5 Nxd3 20. cxd3 Qd8 21.
Qg6 Qf6 22. Qxf6 Rxf6 23. f3 Bd7 24. Kf2 Re6 25. d4 Rbe8 26. Rc2 f4 27. Nc5
Bxc5 28. dxc5 Re5 29. Rh1 Bf5 30. Rb2 Bd3 31. Rd1 Re2+ 32. Rxe2 Rxe2+ 33. Kg1
Ba6 34. Ra1 d4 35. a4 d3 36. Kf1 d2 0-1

[Event "Spring TNM"]
[Site "San Francisco"]
[Date "2006.04.04"]
[Round "2"]
[White "Dupree, Charles"]
[Black "Carcar, Alex"]
[Result "1-0"]
[WhiteElo "1721"]
[BlackElo "1304"]
[PlyCount "141"]
[EventDate "2006.03.28"]
[EventType "swiss"]
[EventRounds "8"]
[EventCountry "USA"]

1. e4 c5 2. b4 cxb4 3. a3 e6 4. axb4 Bxb4 5. c3 Be7 6. d4 b6 7. Na3 Bb7 8. Bd3
Nf6 9. Qe2 Qc8 10. Bd2 O-O 11. Nf3 Qc6 12. Ne5 Qa4 13. O-O Bxa3 14. Bb5 Qc2 15.
Bd3 Ba6 16. c4 Qb2 17. Nf3 Nc6 18. Rfb1 Nxd4 19. Nxd4 Qxd4 20. Rxa3 Bb7 21. e5
Ng4 22. Bc2 Nxe5 23. Rh3 Ng6 24. Qh5 h6 25. Bc3 Qc5 26. Bxg6 fxg6 27. Qxc5 bxc5
28. Rxb7 Rab8 29. Rxb8 Rxb8 30. Kf1 d5 31. Rf3 d4 32. Bd2 e5 33. Ra3 Rb7 34.
Ra5 Rc7 35. Bc1 Kf7 36. Ba3 Ke6 37. Rxc5 Rxc5 38. Bxc5 a5 39. Ke2 g5 40. Kd3 g6
41. g4 a4 42. f3 h5 43. h3 Kd7 44. Bb4 Ke6 45. Ke4 h4 46. Kd3 Kd7 47. Kc2 Kc6
48. Kb2 d3 49. Kc3 e4 50. fxe4 d2 51. Kxd2 Kd7 52. e5 Ke6 53. Bd6 a3 54. Kc3 a2
55. Kb2 a1=Q+ 56. Kxa1 Kd7 57. Kb2 Kc6 58. Kc3 Kd7 59. Kb4 Kc6 60. Be7 Kd7 61.
Bxg5 Ke6 62. Kc5 Kxe5 63. Kc6 Ke6 64. c5 Kf7 65. Kd7 Kf8 66. c6 Kg7 67. c7 Kf7
68. c8=Q Kg7 69. Ke7 Kh7 70. Kf8 Kh8 71. Kf7+ 1-0

[Event "Spring TNM"]
[Site "San Francisco"]
[Date "2006.04.04"]
[Round "2"]
[White "Grey, Peter"]
[Black "Ladyzhensky, Boris"]
[Result "1-0"]
[WhiteElo "2000"]
[BlackElo "1733"]
[PlyCount "79"]
[EventDate "2006.03.28"]
[EventType "swiss"]
[EventRounds "8"]
[EventCountry "USA"]

1. e4 c5 2. Nf3 d6 3. d4 cxd4 4. Nxd4 Nf6 5. Nc3 a6 6. Bg5 e6 7. f4 b5 8. e5
dxe5 9. fxe5 Qc7 10. exf6 Qe5+ 11. Ne4 Qxe4+ 12. Ne2 g6 13. Qd2 Nc6 14. O-O-O
Bb4 15. Qe3 Qxe3+ 16. Bxe3 O-O 17. g3 Rd8 18. Bg2 Bb7 19. Bb6 Rxd1+ 20. Rxd1
Rb8 21. Bc7 Re8 22. c3 Bf8 23. Nd4 Bh6+ 24. Kb1 Na5 25. Bxb7 Nxb7 26. Nc6 Bg5
27. Be5 h5 28. h4 Bh6 29. Kc2 Bf8 30. Rd7 Nc5 31. Ra7 b4 32. Nxb4 Rd8 33. Nc6
Rd7 34. Ra8 Nd3 35. Bd4 Ne1+ 36. Kd1 Nf3 37. Ne7+ Kh7 38. Rxf8 Ne5 39. Ke2 Ng4
40. Rxf7+ 1-0

[Event "Spring TNM"]
[Site "San Francisco"]
[Date "2006.04.04"]
[Round "2"]
[White "Litowsky, Dan"]
[Black "Todortsev, Victor"]
[Result "0-1"]
[WhiteElo "1700"]
[BlackElo "1961"]
[PlyCount "62"]
[EventDate "2006.03.28"]
[EventType "swiss"]
[EventRounds "8"]
[EventCountry "USA"]

1. e4 c5 2. Nc3 d6 3. Bc4 Nf6 4. h3 Nc6 5. a3 g6 6. d3 Bg7 7. Nf3 O-O 8. O-O a6
9. Be3 b5 10. Ba2 h6 11. Qd2 Kh7 12. Nd1 e5 13. c3 Be6 14. Nh2 Qd7 15. f4 Bxa2
16. Rxa2 exf4 17. Bxf4 Nh5 18. Be3 Ne5 19. Nf2 Ng3 20. Re1 f5 21. Bf4 Nh5 22.
Bxe5 Bxe5 23. Nf3 Bg3 24. b4 Rae8 25. Qd1 Nf4 26. Qd2 c4 27. Rd1 Bxf2+ 28. Qxf2
Nxd3 29. Qh4 fxe4 30. Ng5+ Kg7 31. Nxe4 Rf4 0-1

[Event "Spring TNM"]
[Site "San Francisco"]
[Date "2006.04.04"]
[Round "2"]
[White "Lupton, Stephen"]
[Black "Chalissery, Jossy"]
[Result "1-0"]
[WhiteElo "1349"]
[BlackElo "1689"]
[PlyCount "83"]
[EventDate "2006.03.28"]
[EventType "swiss"]
[EventRounds "8"]
[EventCountry "USA"]

1. e4 d5 2. exd5 Qxd5 3. Nc3 Qa5 4. d4 Nf6 5. Nf3 c6 6. Bd2 Bf5 7. Ne4 Qd8 8.
Nxf6+ gxf6 9. Bc4 e6 10. O-O Nd7 11. Nh4 Bg6 12. Nxg6 hxg6 13. Qf3 Bd6 14. Bf4
Qc7 15. Bxd6 Qxd6 16. Qg3 Qxd4 17. Bxe6 O-O-O 18. c3 Qb6 19. Bxf7 Qxb2 20. Bxg6
Rdg8 21. Qd3 Ne5 22. Bf5+ Kb8 23. Qd6+ Ka8 24. Be4 Qxc3 25. Qxf6 Rxh2 26. Rad1
Rhxg2+ 27. Bxg2 Nf3+ 28. Qxf3 Qxf3 29. Rd8+ Rxd8 30. Bxf3 Rd2 31. Rd1 Rxd1+ 32.
Bxd1 Kb8 33. Kg2 Kc7 34. Kf3 Kd6 35. Ke4 c5 36. Kf5 Ke7 37. Kg6 Kf8 38. Bf3 b5
39. Be4 a5 40. Bc6 b4 41. Bb5 Ke7 42. f4 1-0

[Event "Spring TNM"]
[Site "San Francisco"]
[Date "2006.04.04"]
[Round "2"]
[White "Moore, Randolph"]
[Black "Purcell, Brendan"]
[Result "0-1"]
[WhiteElo "1508"]
[BlackElo "1891"]
[PlyCount "66"]
[EventDate "2006.03.28"]
[EventType "swiss"]
[EventRounds "8"]
[EventCountry "USA"]

1. d4 d5 2. Nc3 Nf6 3. Bg5 Bf5 4. f3 c6 5. e4 dxe4 6. Bxf6 exf6 7. fxe4 Bg6 8.
Bc4 Bb4 9. Qd3 Qe7 10. O-O-O Bxc3 11. Qxc3 Bxe4 12. Re1 f5 13. Nf3 O-O 14. Rhg1
Qd6 15. Ng5 Bd5 16. Bd3 Nd7 17. Kb1 g6 18. h3 Rae8 19. Be2 Nf6 20. g4 f4 21. h4
Re3 22. Qd2 Rfe8 23. c4 Ne4 24. Qd1 Nxg5 25. cxd5 Qxd5 26. hxg5 Qe4+ 27. Bd3
Rxe1 28. Bxe4 Rxd1+ 29. Rxd1 Rxe4 30. Rd3 f3 31. Rxf3 Rxg4 32. Rd3 Rxg5 33. Kc2
h5 0-1

[Event "Spring TNM"]
[Site "San Francisco"]
[Date "2006.04.04"]
[Round "2"]
[White "Nochomovitz, Yigal"]
[Black "Margulis, Igor"]
[Result "0-1"]
[WhiteElo "1826"]
[BlackElo "2227"]
[PlyCount "90"]
[EventDate "2006.03.28"]
[EventType "swiss"]
[EventRounds "8"]
[EventCountry "USA"]

1. f4 c5 2. Nf3 Nc6 3. d3 d5 4. e3 g6 5. Be2 Bg7 6. O-O Nf6 7. a4 O-O 8. Qe1
Qd6 9. Nc3 e5 10. Nb5 Qe7 11. fxe5 Nxe5 12. h3 a6 13. Nc3 Re8 14. Qh4 Bd7 15.
e4 dxe4 16. Nxe5 Qxe5 17. Nxe4 Nxe4 18. dxe4 Qd4+ 19. Qf2 Qxf2+ 20. Kxf2 Bc6
21. c3 Bxe4 22. Bc4 Bc6 23. Kg1 Re7 24. Bg5 Rd7 25. Be3 Rc8 26. a5 Bb5 27. Bxb5
axb5 28. a6 bxa6 29. Rxa6 b4 30. cxb4 cxb4 31. Rb6 Rd3 32. Bf2 Rb3 33. Rb7 Rxb2
34. Be1 Bd4+ 35. Kh2 Be5+ 36. Kg1 Rc1 37. Rbxf7 Bd6 38. R7f6 Bc5+ 39. Kh2 Rcc2
40. Kg3 Rxg2+ 41. Kf4 Rbc2 42. Ke5 b3 43. Ra6 b2 44. Ra8+ Kg7 45. Ba5 Rgf2 0-1

[Event "Spring TNM"]
[Site "San Francisco"]
[Date "2006.04.04"]
[Round "2"]
[White "Regan, Jack"]
[Black "Gray, William"]
[Result "0-1"]
[WhiteElo "1550"]
[BlackElo "2022"]
[PlyCount "60"]
[EventDate "2006.03.28"]
[EventType "swiss"]
[EventRounds "8"]
[EventCountry "USA"]

1. Nf3 b5 2. g3 Bb7 3. Bg2 Nf6 4. d4 e6 5. Bg5 h6 6. Bxf6 Qxf6 7. Nbd2 g6 8. c4
bxc4 9. Nxc4 Bb4+ 10. Ncd2 c5 11. O-O O-O 12. Qb3 Bd5 13. Qd3 cxd4 14. Nxd4
Bxg2 15. Kxg2 e5 16. Qf3 Qa6 17. N4b3 Nc6 18. Ne4 Rad8 19. Rad1 Bd6 20. Nec5
Bxc5 21. Nxc5 Qb5 22. Nb3 Ne7 23. Rc1 d5 24. Qf6 Nf5 25. Qxe5 Rfe8 26. Qc3 Qxe2
27. Rfe1 Qg4 28. Rxe8+ Rxe8 29. Rd1 Nh4+ 30. Kh1 Qf3+ 0-1

[Event "Spring TNM"]
[Site "San Francisco"]
[Date "2006.04.04"]
[Round "2"]
[White "Regan, Neil"]
[Black "Tuvshintugs, Batchimeg"]
[Result "0-1"]
[WhiteElo "1900"]
[BlackElo "2271"]
[PlyCount "46"]
[EventDate "2006.03.28"]
[EventType "swiss"]
[EventRounds "8"]
[EventCountry "USA"]

1. e4 c5 2. Nc3 Nc6 3. f4 d6 4. Bc4 Nf6 5. Nf3 g6 6. O-O Bg7 7. f5 gxf5 8. d3
fxe4 9. dxe4 Bg4 10. Qe1 O-O 11. Qg3 Bh5 12. Bh6 Bg6 13. Bxg7 Kxg7 14. Qh4 Qd7
15. h3 Nd4 16. Nd5 Nxd5 17. Bxd5 Nxc2 18. Ng5 e6 19. Rxf7+ Rxf7 20. Nxe6+ Kh8
21. Nf4 Rxf4 22. Qxf4 Nxa1 23. Qf6+ Qg7 0-1

[Event "Spring TNM"]
[Site "San Francisco"]
[Date "2006.04.04"]
[Round "2"]
[White "Rich, Albert"]
[Black "Parker, Frank"]
[Result "1-0"]
[WhiteElo "2262"]
[BlackElo "1846"]
[Annotator "Albert"]
[PlyCount "46"]
[EventDate "2006.03.28"]
[EventType "swiss"]
[EventRounds "8"]
[EventCountry "USA"]

1. d4 d5 2. c4 c6 3. Nc3 Nf6 4. e3 Nbd7 5. Nf3 e6 6. Qc2 Be7 7. Bd2 O-O 8. h3
Re8 9. g4 dxc4 10. Bxc4 g6 $6 (10... c5) 11. g5 Nh5 (11... Nd5) 12. h4 (12. Ne4
$142 c5 13. dxc5 Nxc5 14. Nxc5 Bxc5 15. Bb5 $18) 12... b5 (12... c5 $132) 13.
Be2 Bb7 14. Rg1 (14. Ne4 c5 15. Nxc5 Nxc5 16. dxc5 Qc7 17. Rh3 Qxc5 18. Qxc5
Bxc5 19. Bxb5 Red8 20. Bc3 $14) 14... a6 (14... b4 15. Ne4 c5 16. Nxc5 Nxc5 17.
dxc5 a5 18. Nd4 Rc8 19. c6 e5 20. Qe4 Ba8 21. Qxe5 Bd6 22. Qd5 Re5 23. Qb3 Bc5
24. Rg4 $16) 15. Ne5 Ng7 (15... c5 16. Bxh5 gxh5 17. Nxf7 $1 $18 Kxf7 18. Qxh7+
Kf8 19. Qh8+ Kf7 20. g6#) 16. Bf3 (16. Nxd7 Qxd7 17. Ne4 c5 18. Nf6+ Bxf6 19.
gxf6 Nf5 20. dxc5 Rac8 21. h5 Qc7 22. hxg6 hxg6) 16... Rc8 17. h5 Nxe5 18. dxe5
Bxg5 $6 19. hxg6 hxg6 (19... fxg6) 20. O-O-O Be7 21. Rxg6 $1 fxg6 22. Qxg6 Bh4
(22... Qc7 23. Be4 Qxe5 24. Rh1 $18) (22... Rc7 23. Be4 Kf8 24. Qh7 Bf6 25.
exf6 Qxf6 26. Bg6 Rd8 27. Ne4 Qe5 28. Qh8+ Ke7 29. Bb4+ Rd6 30. Bxd6+ $18) (
22... Bf8 23. Ne4 $18) (22... Rf8 23. Be4 Rf5 24. Rg1 Rg5 (24... Qf8 25. Qxe6+
Rf7 26. Qh6 Rf6 27. exf6 Qxf6 28. Bg6 $18) (24... Bf8 25. Bxf5 exf5 26. Qe6+
Kh8 27. Rh1+ $18) 25. Rxg5 Bxg5 26. Qh7+ Kf8 27. Bg6 Qc7 28. Ne4 Nf5 29. Bb4+
c5 30. Bxc5+ Qxc5+ 31. Nxc5 Rxc5+ 32. Kd2 Nh6 33. f4 $18) 23. Ne4 (23. Rg1 Re7
24. Be4 Rf7 25. Qh7+ Kf8 26. Bg6 $18) 23... Qe7 $138 (23... Rf8 24. Rg1 Rc7 25.
Bg4 Bc8 26. Ba5 (26. Rh1 Rcf7 27. f4 c5 28. Nd6 Rf6 29. exf6 Qxf6 (29... Rxf6
30. Qe4 Qxd6 31. Rxh4 Nf5 32. Bxf5 exf5 33. Qh1 $18) 30. Qe4 $18)) (23... Qe7
24. Nd6 Rf8 25. Be4 Rf5 26. Nxf5 exf5 27. Bxf5 Rc7 28. Qh7+ Kf8 29. Bg6 Qe6 30.
Qh8+ Qg8 31. Qxh4 $18) 1-0

[Event "Spring TNM"]
[Site "San Francisco"]
[Date "2006.04.04"]
[Round "2"]
[White "Rudyak, Felix"]
[Black "Bayaraa, Bekhtur"]
[Result "1-0"]
[WhiteElo "1932"]
[BlackElo "1596"]
[PlyCount "52"]
[EventDate "2006.03.28"]
[EventType "swiss"]
[EventRounds "8"]
[EventCountry "USA"]

1. d4 Nf6 2. Bg5 e6 3. Nd2 d5 4. Ngf3 c5 5. e3 Be7 6. c3 O-O 7. Bd3 Nbd7 8. O-O
Re8 9. Ne5 Nxe5 10. dxe5 Nd7 11. Bxe7 Rxe7 12. f4 c4 13. Bc2 Qb6 14. Rf3 Qxb2
15. Rh3 f5 16. exf6 Nxf6 17. e4 Qb6+ 18. Kh1 e5 19. Rb1 Qc5 20. Rh4 d4 21. fxe5
dxc3 22. exf6 Rd7 23. f7+ Kf8 24. Rxh7 Qf2 25. Qf3 Rxf7 26. Rh8+ Ke7 1-0

[Event "Spring TNM"]
[Site "San Francisco"]
[Date "2006.04.04"]
[Round "2"]
[White "Russell, Joe"]
[Black "Samatra, Mario"]
[Result "1-0"]
[WhiteElo "1529"]
[BlackElo "1914"]
[PlyCount "58"]
[EventDate "2006.03.28"]
[EventType "swiss"]
[EventRounds "8"]
[EventCountry "USA"]

1. e4 c5 2. Nf3 Nc6 3. d4 cxd4 4. Nxd4 g6 5. Be3 Bg7 6. Nc3 Nf6 7. Qd2 O-O 8.
O-O-O d6 9. f3 a6 10. Bc4 Ne5 11. Bb3 b5 12. h4 h5 13. Bh6 Bd7 14. Bxg7 Kxg7
15. Nd5 Nxd5 16. Bxd5 Rc8 17. f4 Ng4 18. f5 Ne5 19. fxg6 fxg6 20. Ne6+ Bxe6 21.
Bxe6 Rc7 22. Qg5 Qe8 23. g4 Rf6 24. Bb3 Nxg4 25. Rhg1 Qc8 26. Rdf1 Rc5 27. Qd2
Qf8 28. Qd4 Re5 29. Re1 Rf2 1-0

[Event "Spring TNM"]
[Site "San Francisco"]
[Date "2006.04.04"]
[Round "2"]
[White "Sainz, Guadalupe"]
[Black "Traub, Igor"]
[Result "1-0"]
[WhiteElo "1774"]
[BlackElo "2076"]
[PlyCount "61"]
[EventDate "2006.03.28"]
[EventType "swiss"]
[EventRounds "8"]
[EventCountry "USA"]

1. d4 Nf6 2. c4 e6 3. Nc3 b6 4. e4 Bb4 5. Bd3 Bb7 6. f3 O-O 7. Nge2 d5 8. O-O
dxc4 9. Bxc4 Nbd7 10. Bg5 Be7 11. Qc2 c5 12. Rad1 Rc8 13. Bxf6 Nxf6 14. d5 exd5
15. exd5 a6 16. Bd3 g6 17. Be4 Bd6 18. f4 Ng4 19. Qd3 c4 20. Qf3 f5 21. h3 Bc5+
22. Nd4 Nf6 23. Bc2 Nxd5 24. Kh1 Nxc3 25. Qxc3 Bxd4 26. Rxd4 Qf6 27. Re1 b5 28.
a4 Rfe8 29. Red1 Be4 30. b3 Kg7 31. Rd7+ 1-0

[Event "Spring TNM"]
[Site "San Francisco"]
[Date "2006.04.04"]
[Round "2"]
[White "Salvo, Tab"]
[Black "Mar, Henry"]
[Result "0-1"]
[WhiteElo "1736"]
[BlackElo "1537"]
[PlyCount "74"]
[EventDate "2006.03.28"]
[EventType "swiss"]
[EventRounds "8"]
[EventCountry "USA"]

1. Nf3 e6 2. c4 Nf6 3. g3 Be7 4. Bg2 O-O 5. O-O d5 6. b3 d4 7. d3 c5 8. Bg5
Nbd7 9. Na3 a6 10. Nc2 h6 11. Bd2 Rb8 12. Bf4 Ra8 13. a3 e5 14. Nxe5 Nxe5 15.
Bxe5 Bd6 16. Bxd6 Qxd6 17. b4 Rb8 18. h3 b6 19. Qd2 Bb7 20. Bxb7 Rxb7 21. Rad1
Nh5 22. Kh2 f5 23. e3 dxe3 24. Qxe3 f4 25. gxf4 Rxf4 26. Kg1 Re7 27. Qd2 Rf3
28. Ne3 Rxh3 29. Ng4 Qg6 30. f3 Rf7 31. Rf2 Rfxf3 32. Rg2 Rfg3 33. Ne3 Nf4 34.
Rxg3 Rxg3+ 35. Kf2 Nh3+ 36. Ke1 Rg1+ 37. Nf1 Qg3+ 0-1

[Event "Spring TNM"]
[Site "San Francisco"]
[Date "2006.04.04"]
[Round "2"]
[White "Sanguinetti, George"]
[Black "Oca, Homer"]
[Result "1-0"]
[WhiteElo "1959"]
[BlackElo "1678"]
[PlyCount "67"]
[EventDate "2006.03.28"]
[EventType "swiss"]
[EventRounds "8"]
[EventCountry "USA"]

1. e4 a6 2. d4 h6 3. f4 e6 4. c4 d6 5. Nc3 Be7 6. Nf3 Nf6 7. Be2 O-O 8. O-O c6
9. Kh1 Nh7 10. Be3 f5 11. Qc2 fxe4 12. Nxe4 d5 13. Ng3 Nd7 14. Rae1 c5 15. cxd5
cxd4 16. Nxd4 Ndf6 17. dxe6 Nd5 18. Ndf5 Nxe3 19. Nxe3 Bxe6 20. f5 Bxa2 21. b3
Bxb3 22. Qxb3+ Kh8 23. Qxb7 a5 24. Bf3 Rb8 25. Qa7 Ng5 26. Ng4 Bb4 27. Rd1 Qc8
28. Ne5 Kh7 29. Nd7 Nxf3 30. Nxf8+ Qxf8 31. Rxf3 Ra8 32. Qd7 a4 33. f6 Qe8 34.
Qxg7# 1-0

[Event "Spring TNM"]
[Site "San Francisco"]
[Date "2006.04.04"]
[Round "2"]
[White "Sherwood, Peter"]
[Black "Capdeville, Barry"]
[Result "1-0"]
[WhiteElo "1755"]
[BlackElo "1211"]
[PlyCount "66"]
[EventDate "2006.03.28"]
[EventType "swiss"]
[EventRounds "8"]
[EventCountry "USA"]

1. e4 e5 2. Nf3 f5 3. Nxe5 Nf6 4. exf5 d6 5. Nf3 Bxf5 6. Bc4 d5 7. Be2 Nc6 8.
d4 Nb4 9. Na3 Nc6 10. O-O Bd6 11. Nb5 Bg4 12. Nxd6+ Qxd6 13. h3 Bh5 14. Nh2 Bf7
15. c3 O-O-O 16. Qa4 Kb8 17. b4 Nd7 18. Qb3 Nb6 19. a4 Nc4 20. Nf3 b6 21. Nd2
Rhe8 22. Nxc4 dxc4 23. Bxc4 Bxc4 24. Qxc4 Rc8 25. Be3 Kb7 26. a5 Nb8 27. axb6
cxb6 28. Qf7+ Re7 29. Qf3+ Qc6 30. d5 Qd6 31. Bf4 Rf7 32. Bxd6 Rxf3 33. gxf3
Rxc3 1-0

[Event "Spring TNM"]
[Site "San Francisco"]
[Date "2006.04.04"]
[Round "2"]
[White "Snyder, Larry"]
[Black "Penoyer, Flyn"]
[Result "1-0"]
[WhiteElo "2045"]
[BlackElo "1800"]
[PlyCount "38"]
[EventDate "2006.03.28"]
[EventType "swiss"]
[EventRounds "8"]
[EventCountry "USA"]

1. e4 c5 2. c3 Nf6 3. e5 Nd5 4. d4 cxd4 5. Nf3 e6 6. cxd4 b6 7. Bd3 Ba6 8. O-O
Bxd3 9. Qxd3 Be7 10. Nc3 Nxc3 11. bxc3 d5 12. exd6 Qxd6 13. Ba3 Qxa3 14. Qe4
O-O 15. Qxa8 Nd7 16. Qb7 Nf6 17. c4 Bd6 18. Rfe1 Qa4 19. Ne5 Rb8 1-0

[Event "Spring TNM"]
[Site "San Francisco"]
[Date "2006.04.04"]
[Round "2"]
[White "Starr, Albert"]
[Black "Bacelar, Erickson"]
[Result "0-1"]
[WhiteElo "1516"]
[BlackElo "1752"]
[PlyCount "86"]
[EventDate "2006.03.28"]
[EventType "swiss"]
[EventRounds "8"]
[EventCountry "USA"]

1. b4 e5 2. b5 d5 3. e3 c6 4. c4 cxb5 5. cxb5 Nf6 6. Bb2 Bd6 7. Nf3 Nbd7 8. Be2
O-O 9. O-O Re8 10. d3 Qc7 11. g3 Nf8 12. Nbd2 Bh3 13. Re1 Qe7 14. Bf1 Bg4 15.
Qb3 Ng6 16. Bg2 h6 17. a4 Be6 18. Qd1 Rac8 19. h3 Rc7 20. Rc1 Rec8 21. Rxc7
Qxc7 22. Nf1 Qc2 23. Qb1 Qxa4 24. Qa1 Qxb5 25. Bxe5 Nxe5 26. Nxe5 Bxe5 27. Qxe5
Qxd3 28. f4 Qc3 29. Rb1 b6 30. Qd6 Ne4 31. Bxe4 dxe4 32. Qe7 Qc2 33. Rb4 Bxh3
34. Qxe4 Qxe4 35. Rxe4 Rc1 36. Re8+ Kh7 37. Ra8 Bxf1 38. Rxa7 Bc4+ 39. Kf2 b5
40. Rb7 h5 41. e4 Rd1 42. e5 Kg6 43. Rb8 Kf5 0-1

[Event "Spring TNM"]
[Site "San Francisco"]
[Date "2006.04.04"]
[Round "2"]
[White "Tserendorj, Batsaikhan"]
[Black "Hoo, Jonathan Soo"]
[Result "1-0"]
[WhiteElo "2153"]
[BlackElo "1824"]
[PlyCount "48"]
[EventDate "2006.03.28"]
[EventType "swiss"]
[EventRounds "8"]
[EventCountry "USA"]

1. d4 Nf6 2. c4 g6 3. Nc3 d5 4. cxd5 Nxd5 5. e4 Nxc3 6. bxc3 Bg7 7. Bc4 O-O 8.
Ne2 c5 9. O-O Nc6 10. Be3 Bd7 11. Rc1 h5 12. Qd2 cxd4 13. cxd4 Qa5 14. Qxa5
Nxa5 15. Bd3 Rac8 16. d5 b5 17. f4 Bb2 18. Rb1 Ba3 19. e5 Nc4 20. Bf2 Nb2 21.
Be4 Nc4 22. h3 Bc5 23. Bxc5 Rxc5 24. Nd4 Rfc8 {remainder illegible} 1-0

[Event "Spring TNM"]
[Site "San Francisco"]
[Date "2006.04.04"]
[Round "2"]
[White "Whalley, Martin"]
[Black "Shaknazarov, Oleg"]
[Result "0-1"]
[WhiteElo "1818"]
[BlackElo "2177"]
[PlyCount "90"]
[EventDate "2006.03.28"]
[EventType "swiss"]
[EventRounds "8"]
[EventCountry "USA"]

1. d4 e6 2. Nf3 Be7 3. e4 d5 4. e5 c5 5. c3 Nc6 6. Be3 c4 7. Be2 g5 8. Qc1 g4
9. Nfd2 h5 10. Nf1 f6 11. Qc2 fxe5 12. Qg6+ Kf8 13. Ng3 Qe8 14. Qxe8+ Kxe8 15.
dxe5 h4 16. Nf1 Nxe5 17. Bd4 Rh5 18. Ne3 Nf6 19. h3 Rg5 20. Bxe5 Rxe5 21. hxg4
Ne4 22. Nd2 Ng3 23. Rh3 Rxe3 24. fxe3 Nxe2 25. Kxe2 e5 26. Kf2 Bxg4 27. Rh2 Kd7
28. Re1 e4 29. Nf1 Rg8 30. Rh1 Ke6 31. Rc1 h3 32. g3 Bg5 33. Rh2 Ke5 34. Kg1 b5
35. Rf2 a5 36. Rcc2 b4 37. Rf7 bxc3 38. bxc3 Rb8 39. Rcf2 Bf3 40. Kh2 Ke6 41.
Rh7 Rb1 42. Kxh3 Re1 43. a4 Bxe3 44. Nxe3 Rxe3 45. Rh6+ Ke5 0-1

[Event "Spring TNM"]
[Site "San Francisco"]
[Date "2006.04.04"]
[Round "2"]
[White "Wilkerson, Max"]
[Black "Gurtovoy, Jason"]
[Result "0-1"]
[WhiteElo "1900"]
[BlackElo "1698"]
[PlyCount "55"]
[EventDate "2006.03.28"]
[EventType "swiss"]
[EventRounds "8"]
[EventCountry "USA"]

1. c4 Nf6 2. d4 g6 3. Nf3 Bg7 4. g3 O-O 5. Bg2 d6 6. O-O Nbd7 7. Nc3 c5 8. dxc5
Nxc5 9. Nd4 Qb6 10. Rb1 a6 11. b4 Ne6 12. c5 Qc7 13. e3 dxc5 14. Nxe6 Bxe6 15.
bxc5 Qxc5 16. Na4 Qf5 17. Rxb7 Rfd8 18. Qe2 Rac8 19. Nb6 Rc2 20. Qxa6 Rxa2 21.
Ba3 Ng4 22. h3 Nxe3 23. fxe3 Rxg2+ 24. Kxg2 Qxh3+ 25. Kg1 Qxg3+ 26. Kh1 Qh3+
27. Kg1 Qxe3+ 28. Kh1 0-1

[Event "Spring TNM"]
[Site "San Francisco"]
[Date "2006.04.04"]
[Round "2"]
[White "Wong, Russell"]
[Black "Olsen, Lance"]
[Result "1-0"]
[WhiteElo "2200"]
[BlackElo "903"]
[PlyCount "57"]
[EventDate "2006.03.28"]
[EventType "swiss"]
[EventRounds "8"]
[EventCountry "USA"]

1. e4 d6 2. d4 Nf6 3. Nc3 g6 4. f3 Bg7 5. Be3 O-O 6. Qd2 e5 7. d5 Nbd7 8. O-O-O
a6 9. g4 b5 10. h4 h5 11. Bh3 Qe7 12. Qg2 c5 13. dxc6 Nc5 14. Bg5 b4 15. Nd5
Nxd5 16. Bxe7 Ne3 17. Qe2 Nxd1 18. Bxf8 Bxf8 19. Qxd1 Kh7 20. gxh5 gxh5 21. Qd5
Be6 22. Bf5+ Kh8 23. Qd2 a5 24. Qg5 Bxf5 25. exf5 Kh7 26. Qxh5+ Bh6+ 27. Kd1 e4
28. Nh3 Rg8 29. Ng5+ 1-0

[Event "Spring TNM"]
[Site "San Francisco"]
[Date "2006.04.11"]
[Round "3"]
[White "Allen, Tom"]
[Black "Frank, Robert"]
[Result "1-0"]
[WhiteElo "1463"]
[BlackElo "1235"]
[PlyCount "35"]
[EventDate "2006.03.28"]
[EventType "swiss"]
[EventRounds "8"]
[EventCountry "USA"]

1. e4 e5 2. Nf3 Nc6 3. d4 exd4 4. c3 dxc3 5. Bc4 cxb2 6. Bxb2 Bb4+ 7. Nc3 Qe7
8. O-O d6 9. Nd5 Qf8 10. Nxc7+ Kd8 11. Nxa8 Bg4 12. e5 Bxf3 13. Qxf3 Na5 14.
Rac1 Bc5 15. exd6 Bxd6 16. Rfd1 f6 17. Ba3 Kd7 18. Qf5+ 1-0